|
LDR
| 01838cam a2200505 i 4500 |
|---|
| 001 | 55543 |
|---|
| 003 | CZ-PrJAB |
|---|
| 005 | 20230709160857.0 |
|---|
| 007 | ta |
|---|
| 008 | 221004s2022 xr ach e 000 0bcze d |
|---|
| 015 | | . |
‡acnb003443246 |
|---|
| 020 | | . |
‡a978-80-7470-445-1
‡q(brožováno) :
‡cKč 299,00 |
|---|
| 035 | | . |
‡a(CZ PrNK)nkc20223443246 |
|---|
| 035 | | . |
‡a(OCoLC)1372328601 |
|---|
| 040 | | . |
‡aKLG001
‡bcze
‡dOLA001
‡erda |
|---|
| 041 | 1 | . |
‡acze
‡hslo |
|---|
| 045 | | . |
‡ax-x- |
|---|
| 072 | | 7. |
‡a821.162.4.09
‡xSlovenská literatura (o ní)
‡2Konspekt
‡911 |
|---|
| 072 | | 7. |
‡a929
‡xBiografie
‡2Konspekt
‡98 |
|---|
| 080 | | . |
‡a821.162.4-051
‡2MRF |
|---|
| 080 | | . |
‡a929
‡2MRF |
|---|
| 080 | | . |
‡a(092)
‡2MRF |
|---|
| 100 | 1 | . |
‡aFulmeková, Denisa,
‡d1967-
‡7xx0034053
‡4aut |
|---|
| 240 | 1 | 0. |
‡aKonvália.
‡lČesky |
|---|
| 245 | 1 | 0. |
‡aKonvália :
‡bzakázaná láska Rudolfa Dilonga /
‡cDenisa Fulmeková ; ze slovenštiny přeložil Lubomír Machala |
|---|
| 246 | 3 | 0. |
‡aZakázaná láska Rudolfa Dilonga |
|---|
| 250 | | . |
‡aVydání první |
|---|
| 264 | | 1. |
‡aPraha :
‡bAkropolis,
‡c2022 |
|---|
| 300 | | . |
‡a207 stran :
‡bilustrace, portréty, faksimile ;
‡c19 cm |
|---|
| 336 | | . |
‡atext
‡btxt
‡2rdacontent |
|---|
| 337 | | . |
‡abez média
‡bn
‡2rdamedia |
|---|
| 338 | | . |
‡asvazek
‡bnc
‡2rdacarrier |
|---|
| 600 | 1 | 7. |
‡aDilong, Rudolf,
‡d1905-1986
‡7jn19990001780
‡2czenas |
|---|
| 648 | | 7. |
‡a20. století
‡7ch460558
‡2czenas |
|---|
| 648 | | 4. |
‡a1905-1986 |
|---|
| 650 | 0 | 7. |
‡aslovenští spisovatelé
‡7ph125683
‡y20. století
‡2czenas |
|---|
| 650 | 0 | 7. |
‡aslovenští spisovatelé
‡7ph125683
‡xpartnerské a rodinné vztahy
‡2czenas |
|---|
| 650 | 0 | 9. |
‡aSlovak authors
‡y20th century
‡2eczenas |
|---|
| 650 | 0 | 9. |
‡aSlovak authors
‡xpartner and family relationships
‡2eczenas |
|---|
| 655 | | 7. |
‡abiografie
‡7fd131909
‡2czenas |
|---|
| 655 | | 9. |
‡abiography
‡2eczenas |
|---|
| 700 | 1 | . |
‡aMachala, Lubomír,
‡d1958-
‡7jn19990209506
‡4trl |
|---|
| 910 | | . |
‡aABE461 |
|---|
| 995 | | . |
‡aska |
|---|
| 901 | | . |
‡a55543
‡bAUTOGEN
‡c55543
‡tbiblio |
|---|